000 00311nam a2200121Ia 4500
008 220204s9999 xx 000 0 und d
082 _a31:301
_bFUL
100 _aFuller, M F
245 0 _aStatistical workbook for social scientists
260 _aOxford
_bPhilip Alan
_c1977
700 _aLury, D A
942 _cBK
999 _c28018
_d28018